| 000 | 01210nam0a22002771 4500 | ||
|---|---|---|---|
| 001 | rc\2711248 | ||
| 005 | 20260405221925.0 | ||
| 035 | _a(NLR Aleph) 009037257 | ||
| 090 |
_a9527688 _c9527688 |
||
| 100 | _a20110915d1934 |||y0rusy50 ca | ||
| 101 | 0 | _arus | |
| 102 | _aRU | ||
| 105 | _ay z ||||| | ||
| 200 | 1 |
_aХозяйственный план Северного края на вторую пятилетку _fГ. Прядченко |
|
| 210 |
_a[Архангельск] _cПартиздат. Северное краевое отделение _d1934 _gтип. им. т. Склепина |
||
| 215 |
_aОбл., 35, [2] с. _d15х12 см. |
||
| 607 |
_aСеверный край _xНародное хозяйство _xПятилетний план _z1933 - 1937 _91594082 _3RU\NLR\AUTH\66999559 |
||
| 617 |
_aСССР _mЕвропейская часть _mСевер _cСеверный край |
||
| 686 | _aУ23(2Р31) | ||
| 700 | 1 |
_8rus _7ca _aПрядченко _bГ. К. _f1895-1937 _gГригорий Кононович _3RU\NLR\AUTH\77100172 _983098 |
|
| 801 | 0 |
_aRU _bNLR _gpsbo |
|
| 801 | 1 |
_aRU _bELAR _2rusmarc |
|
| 801 | 2 |
_aRU _bNLR _c20130424 _2rusmarc |
|
| 852 |
_aNLR _j34-8/1465 |
||
| 942 | _cBOOK | ||
| 980 | _aNB | ||